| 000 | 00507nam a2200145 a 4500 | ||
|---|---|---|---|
| 008 | 120416s0000 ||||||||||||||||| || u | ||
| 020 | _a0070692440 | ||
| 050 | _aNA 2542.35 Wel | ||
| 100 | _aWells, Malcolm | ||
| 245 | 1 | 0 | _aGentle architecture |
| 260 |
_aNew York _bMcGraw-Hill _c1981 |
||
| 300 | _a10, 178p. : ill. | ||
| 350 | _a0.00 | ||
| 995 |
_D0.00 _FCBU-MAIN LIBRARY (Kitwe) _H1 _I20.00 _UAVAILABLE _WOct 3, 2006 _ZMain Library Open Access Collection |
||
| 999 |
_c44447 _d44447 |
||